000 00343nam a2200145 i 4500
001 bg
100 1 _aBOGE, Alfred
245 0 _aMechanik und Festigkeitslehre /
_cAlfred Boge.
260 _aBraunschweig,
_c1974.
040 _cBPK
041 _apol
080 _a531/534:539.3/.6
942 _cKS
008 s pl f |000 0 pol
999 _c15819
_d15819
856 _uhttp://koha.tu.koszalin.pl/cgi-bin/koha/opac-detail.pl?biblionumber=15819
_yKatalog online BPK